Central Library OPAC University of Rajshahi

আকাশচারী / (Record no. 70941)

MARC details
000 -LEADER
fixed length control field 00833nam a2200229 a 4500
001 - CONTROL NUMBER
control field 70941
003 - CONTROL NUMBER IDENTIFIER
rucl marc code BD-RjUL
005 - DATE AND TIME OF LATEST TRANSACTION
control field 20211209082045.0
008 - FIXED-LENGTH DATA ELEMENTS--GENERAL INFORMATION
fixed length control field 170423s1968 bg a|||| |||| 00| 0 ben d
020 ## - INTERNATIONAL STANDARD BOOK NUMBER
Terms of availability : TK. 2.75
035 ## - SYSTEM CONTROL NUMBER
System control number (BD-RjUL)71155
040 ## - CATALOGING SOURCE
Original cataloging agency BD-RjUL
Language of cataloging ben
Transcribing agency BD-RjUL
Modifying agency BD-RjUL
041 ## - LANGUAGE CODE
Language code of text/sound track or separate title ben
082 ## - DEWEY DECIMAL CLASSIFICATION NUMBER
Edition number 23
Classification number 629.1309
Author mark and year YUA 1968
100 ## - MAIN ENTRY--PERSONAL NAME
Personal name ইউসুফ, ফজলুল হাসান
9 (RLIN) 209935
245 ## - TITLE STATEMENT
Title আকাশচারী /
Statement of responsibility, etc. ফজলুল হাসান ইউসুফ
260 ## - PUBLICATION, DISTRIBUTION, ETC. (IMPRINT)
Place of publication, distribution, etc. ঢাকা :
Name of publisher, distributor, etc. বাংলা একাডেমী,
Date of publication, distribution, etc. ১৯৬৮.
300 ## - PHYSICAL DESCRIPTION
Pagination ৭৪ পৃ. :
Illustrations চিত্র. ;
Size ২৪ সে.মি.
650 ## - SUBJECT ADDED ENTRY--TOPICAL TERM
Topical term or geographic name as entry element ইতিহাস, ভৌগোলিক চিকিৎসা
9 (RLIN) 209936
Topical term or geographic name as entry element History, Geographic Treatment
9 (RLIN) 209937
942 ## - ADDED ENTRY ELEMENTS (KOHA)
Source of classification or shelving scheme Dewey Decimal Classification
Koha item type Books
Holdings
Lost status Source of classification or shelving scheme Damaged status Not for loan Collection code Permanent Location Current Location Shelving location Date acquired Source of acquisition Cost, normal purchase price Total Checkouts Full call number Date last seen Copy number Koha item type
  Dewey Decimal Classification   Not For Loan Non-fiction Central Library, University of Rajshahi Central Library, University of Rajshahi Reading Room 09/12/2021 Nowreka 2.75   B 629.1309 YUA 1968 23/04/2017 C-1 Books